Manual de Crédito Nacional 1987 / (Registro nro. 8182)

Detalles MARC
000 -LEADER
fixed length control field 00803nam a2200217Ia 4500
003 - CONTROL NUMBER IDENTIFIER
control field OSt
005 - DATE AND TIME OF LATEST TRANSACTION
control field 20210724012848.0
008 - FIXED-LENGTH DATA ELEMENTS--GENERAL INFORMATION
fixed length control field 210310s1987 ck gr 000 0 spa d
040 ## - CATALOGING SOURCE
Original cataloging agency CO-JMCR
Transcribing agency CO-JMCR
041 0# - LANGUAGE CODE
Language code of text/sound track or separate title spa
082 04 - DEWEY DECIMAL CLASSIFICATION NUMBER
Classification number 332.7 /
Item number R741m
Edition number 23
100 1# - MAIN ENTRY--PERSONAL NAME
Personal name Rojas Garzón, Ricardo,
9 (RLIN) 14962
Relator term autor
245 10 - TITLE STATEMENT
Title Manual de Crédito Nacional 1987 /
Statement of responsibility, etc. Ricardo Rojas Garzón
250 ## - EDITION STATEMENT
Edition statement 2a. edición
260 ## - PUBLICATION, DISTRIBUTION, ETC.
Place of publication, distribution, etc. Bogotá :
Name of publisher, distributor, etc. Ediciones Bancarias y Financieras Ltda.,
Date of publication, distribution, etc. 1987
300 ## - PHYSICAL DESCRIPTION
Extent 133 páginas ;
Dimensions 23 cm.
504 ## - BIBLIOGRAPHY, ETC. NOTE
Bibliography, etc. note Bibliografía: página 133
505 0# - FORMATTED CONTENTS NOTE
Formatted contents note Instituciones financieras -- Sector agropecuario -- Sector industrial -- Sector de la construcción y vivienda -- Sector comercio -- Sector servicios --
650 14 - SUBJECT ADDED ENTRY--TOPICAL TERM
Topical term or geographic name entry element Crédito
9 (RLIN) 16558
Form subdivision Manuales
Geographic subdivision Colombia
942 ## - ADDED ENTRY ELEMENTS (KOHA)
Source of classification or shelving scheme Dewey Decimal Classification
Koha item type Books
Existencias
Withdrawn status Lost status Source of classification or shelving scheme Damaged status Not for loan Collection code Home library Current library Date acquired Source of acquisition Full call number Barcode Date last seen Copy number Koha item type
    Dewey Decimal Classification     Non-fiction Biblioteca Pública José María del Castillo y Rada Biblioteca Pública José María del Castillo y Rada 04/15/2018 Donación 332.7 / R741m 430003324 05/16/2024 Ej.1 Books